MLB Teams, States and Locations - Statistics

General Stats
  • This quiz has been taken 1,920 times
    1,320 since last reset
  • The average score is 65 of 74
Answers on the Map
Answers color-coded by a green-red scale on the quiz's map according to % correct below.
 
Answer Stats
Answer % Correct
Colorado
96%
Colorado
96%
Texas
96%
Texas
96%
Washington
96%
Arizona
95%
Arizona
95%
California
95%
New York
95%
New York
95%
Cincinnati Reds
94%
Florida
94%
Minnesota
94%
Georgia
92%
Illinois
92%
Michigan
92%
Minnesota
92%
Ohio
92%
Missouri
91%
Los Angeles
90%
Los Angeles Angels
90%
Philadelphia
90%
Chicago Cubs
89%
Houston
89%
New York Yankees
89%
Pennsylvania
89%
Seattle
89%
Wisconsin
89%
Chicago
88%
Houston Astros
88%
Kansas City Royals
88%
Los Angeles Dodgers
88%
Massachusetts
88%
Seattle Mariners
88%
Atlanta
87%
Boston Red Sox
87%
Chicago White Sox
87%
Maryland
87%
Miami Marlins
87%
San Diego
87%
San Diego Padres
87%
San Francisco
87%
San Francisco Giants
87%
Atlanta Braves
86%
Colorado Rockies
86%
Detroit
86%
Kansas City
86%
Miami
86%
Minnesota Twins
86%
New York Mets
86%
Tampa Bay Rays
86%
Boston
85%
Cincinnati
85%
Milwaukee Brewers
85%
Tampa Bay
85%
Toronto Blue Jays
85%
Arizona Diamondbacks
84%
Baltimore Orioles
84%
Cleveland
84%
Milwaukee
84%
Pittsburgh Pirates
84%
Cleveland Guardians
83%
Detroit Tigers
83%
St. Louis Cardinals
83%
Texas Rangers
83%
Baltimore
82%
St. Louis
82%
Toronto
81%
West Sacramento
81%
Pittsburgh
80%
Athletics
78%
Washington Nationals
78%
Washington DC
76%
Philadelphia Phillies
72%
No matching quizzes found
Score Distribution
Percent of People with Each Score
Percentile by Number Answered
Your Score History
You have not taken this quiz since the last reset